|
|
|
|
| LEADER |
01032pam a22002658a 4500 |
| 001 |
00043914 |
| 005 |
20190401150440.0 |
| 008 |
130823s2009 ||||||Viesd |
| 020 |
# |
# |
|c 16000
|
| 041 |
0 |
# |
|a Vie
|
| 082 |
1 |
4 |
|a 515
|b T406C
|
| 245 |
0 |
0 |
|a Toán cao cấp
|c Nguyễn Viết Đông, Lê Thị Thiên Hương, Nguyễn Anh Tuấn, Lê Anh Vũ
|n T.2
|p Đại số tuyến tính
|
| 250 |
# |
# |
|a Tái bản lần sáu
|
| 260 |
# |
# |
|a Hà Nội
|b Giáo dục
|c 2009
|
| 300 |
# |
# |
|a 391 tr.
|c 21cm.
|
| 500 |
# |
# |
|a photo
|
| 653 |
# |
# |
|a Toán cao cấp
|
| 653 |
# |
# |
|a Đại số tuyến tính
|
| 700 |
1 |
# |
|a Lê, Anh Vũ
|
| 700 |
1 |
# |
|a Lê, Thị Thiên Hương
|
| 700 |
1 |
# |
|a Nguyễn, Anh Tuấn
|
| 700 |
1 |
# |
|a Nguyễn, Viết Đông
|
| 852 |
# |
# |
|j KGT.0055701
|j KGT.0055714
|j KGT.0055710
|j KGT.0055708
|j KGT.0055709
|j KGT.0055713
|j KGT.0055712
|j KGT.0055711
|j KGT.0055706
|j KGT.0055707
|
| 910 |
# |
# |
|d 1/4/2019
|
| 980 |
# |
# |
|a Trung tâm Học liệu Lê Vũ Hùng, Trường Đại học Đồng Tháp
|